South Eastern Kenya University

Library Online Public Access Catalogue


Interacting multiagent systems : (Record no. 12331)

MARC details
000 -LEADER
fixed length control field 01036cam a22002657i 4500
001 - CONTROL NUMBER
control field 17690484
003 - CONTROL NUMBER IDENTIFIER
control field OSt
005 - DATE AND TIME OF LATEST TRANSACTION
control field 20160401094813.0
008 - FIXED-LENGTH DATA ELEMENTS--GENERAL INFORMATION
fixed length control field 130409s2014 enka b 001 0 eng d
010 ## - LIBRARY OF CONGRESS CONTROL NUMBER
LC control number 2013937550
020 ## - INTERNATIONAL STANDARD BOOK NUMBER
International Standard Book Number 9780199655465
040 ## - CATALOGING SOURCE
Original cataloging agency SEKU
050 00 - LIBRARY OF CONGRESS CALL NUMBER
Classification number QA 298
Item number .P3
100 1# - MAIN ENTRY--PERSONAL NAME
Personal name Pareschi, Lorenzo,
Relator term author.
245 10 - TITLE STATEMENT
Title Interacting multiagent systems :
Remainder of title kinetic equations and Monte Carlo methods /
Statement of responsibility, etc. Lorenzo Pareschi (Department of Mathematics and Computer Science, University of Ferrara, Italy), Giuseppe Toscani (Department of Mathematics, University of Pavia, Italy)
250 ## - EDITION STATEMENT
Edition statement First edition.
264 #1 - PRODUCTION, PUBLICATION, DISTRIBUTION, MANUFACTURE, AND COPYRIGHT NOTICE
Place of production, publication, distribution, manufacture Oxford ;
-- New York, NY :
Name of producer, publisher, distributor, manufacturer Oxford University Press,
Date of production, publication, distribution, manufacture, or copyright notice 2014.
300 ## - PHYSICAL DESCRIPTION
Extent xiv, 376 pages :
Other physical details illustrations ;
Dimensions 26 cm
504 ## - BIBLIOGRAPHY, ETC. NOTE
Bibliography, etc Includes bibliographical references (pages 356-373) and index.
650 #0 - SUBJECT ADDED ENTRY--TOPICAL TERM
Topical term or geographic name as entry element Monte Carlo method.
650 #0 - SUBJECT ADDED ENTRY--TOPICAL TERM
Topical term or geographic name as entry element Equations of motion.
650 #0 - SUBJECT ADDED ENTRY--TOPICAL TERM
Topical term or geographic name as entry element Multiagent systems
General subdivision Mathematical models.
700 1# - ADDED ENTRY--PERSONAL NAME
Personal name Toscani, Giuseppe,
Relator term co-author.
942 ## - ADDED ENTRY ELEMENTS (KOHA)
Source of classification or shelving scheme Library of Congress Classification
Koha item type General circulation
Holdings
Withdrawn status Lost status Source of classification or shelving scheme Damaged status Not for loan Home library Current library Shelving location Date acquired Source of acquisition Total Checkouts Full call number Barcode Date last seen Price effective from Koha item type Public note
    Library of Congress Classification     Mtito Andei Centre Library Mtito Andei Centre Library General Stacks 01/04/2016 Donation- Books for Africa   QA 298 .P3 2016/015730 01/04/2016 01/04/2016 General circulation TNY
Kitui, Kenya.
+254736116989
library@seku.ac.ke